00482nmm a2200145Ia 4500008004100000020001800041041000800059100003100067245004400098264006800142300001800210490003300228650002400261856005100285251105s9999||||xx |||||||||||||||||und|| a9789681666781 aspa aAlatorre Chávez, Antonio 0aLos 1001 años de la lengua española a[México D.C., Mexico] :bFondo de Cultura Económica, c2013 a418 páginas aLengua y Estudios Literarios aHistory of language uhttps://public.digitaliapublishing.com/a/43302